000 00541nam a22001577a 4500
999 _c533659
_d533659
020 _qHard Cover.
082 _a624.15
100 _aSheikh, Khyzer Ahmed
245 _aIncorporating side resistance in 3d stability analysis of translational landslides /
_cKhyzer Ahmed Sheikh.
260 _aIslamabad:
_bSCEE - NUST,
_c2017.
300 _a128 p. :
_bill. ;
_c30cm.
942 _2ddc
_cTHE
650 _aGeotechnical Engineering MS-Thesis.
_916696
700 _aDr. Kamran Akhtar
_927407